000 00458nam a22001817a 4500
003 MPLRDC
005 20220104143628.0
008 210129b ||||| |||| 00| 0 eng d
020 _a983-2086-08-6
082 _a312.9165 TZY 1999
100 _a唐仲猷 编著
245 _aINTERNET赠品大派送
_c
250 _a初版
260 _a
_b通俗资讯工艺丛书; 16
_c1999
300 _b
650 _a广域网路
942 _cBK
_o312.9165 TZY 1999
999 _c41778
_d41768